00898nam a2200265Ia 450000500170000000800410001702000190005810000180007724500800009525000190017530000420019453400280023665000390026465000390030365000380034265000420038070000190042270000270044126400300046833600270049833700330052533800280055804000350058608400110062120220317001140.0160825s2002 sp a g 000 0 spa  a978842612510121 aWilhelm, Hans10aSeamos amigos otra vez! cHans Wilhelm ; traducción Concepción Zendrera a3a. edición  a30 páginas bilustraciones c18 cm  tLet's be friends, again142LEMBaCuentos infantiles alemanes 142LEMBaLiteratura infantil alemana 142LEMBaAmistades en la literatura 142LEMBaLibros ilustrados para niños 1 aWilhelm, Hans 1 aZendrera, Concepción aBarcelonabJuventudc2002 atextobtxt2rdacontent asin mediaciónbn2rdamedia avolumenbnc2rdacarrier aCO-BoRNBPbspaerdacCO-BoRNBP aC WIL7